[Event "3. Campeonato de la Unión Europea"]
[Site "Arvier ITA"]
[Date "2007.06.22"]
[Round "8.6"]
[White "Sulskis, Sarunas"]
[Black "Zimina, Olga"]
[Result "1-0"]
[WhiteElo "2533"]
[BlackElo "2377"]
[PlyCount "80"]
[EventDate "2007.06.15"]
[EventType "swiss"]
[EventRounds "10"]
[EventCountry "ITA"]
[Source "lmi"]
[SourceDate "2007.06.15"]

1. e4 e5 2. Nf3 Nc6 3. Bb5 a6 4. Ba4 Nf6 5. O-O Be7 6. Re1 b5 7. Bb3 O-O 8. c3
d5 9. d4 Nxe4 10. dxe5 Be6 11. Nd4 Nxe5 12. f3 Bd6 13. fxe4 Bg4 14. Qd2 Qh4 15.
Qf2 Qxf2+ 16. Kxf2 Nd3+ 17. Kf1 Nxe1 18. Kxe1 dxe4 19. h3 Bg3+ 20. Kf1 Be6 21.
Nd2 Bxb3 22. axb3 f5 23. b4 Be5 24. N2b3 f4 25. Bd2 h6 26. Be1 g5 27. Nc5 Bxd4
28. cxd4 e3 29. Ke2 Kh7 30. Bc3 c6 31. Kf3 Ra7 32. Nd3 h5 33. Ke4 g4 34. hxg4
hxg4 35. Ne5 Rg7 36. Nxc6 e2 37. d5 f3 38. gxf3 gxf3 39. Rh1+ Kg8 40. Ke3 Rg2
1-0

[Event "3. Campeonato de la Unión Europea"]
[Site "Arvier ITA"]
[Date "2007.06.22"]
[Round "8.7"]
[White "Daulyte, Deimante"]
[Black "Cebalo, Miso"]
[Result "0-1"]
[WhiteElo "2224"]
[BlackElo "2491"]
[PlyCount "74"]
[EventDate "2007.06.15"]
[EventType "swiss"]
[EventRounds "10"]
[EventCountry "ITA"]
[Source "lmi"]
[SourceDate "2007.06.15"]

1. e4 c5 2. Nf3 d6 3. d4 cxd4 4. Nxd4 Nf6 5. Nc3 e6 6. g4 h6 7. h3 Nc6 8. Be3
a6 9. Bg2 Bd7 10. f4 Rc8 11. Qf3 Nxd4 12. Bxd4 Qa5 13. O-O e5 14. Be3 Be6 15.
Rad1 Be7 16. g5 hxg5 17. fxg5 Nd7 18. Rf2 Rxc3 19. bxc3 g6 20. Bf1 Qxc3 21. a4
Qc6 22. Rb1 Rh5 23. Qg3 Nc5 24. Bxc5 Rxg5 25. Qxg5 Bxg5 26. Ba7 Qxe4 27. Bg2
Qxa4 28. Rxb7 Kf8 29. Rb6 Qa1+ 30. Rf1 Qa3 31. Rf3 Qc1+ 32. Rf1 Be3+ 33. Kh2
Qd2 34. Rb8+ Kg7 35. Bxe3 Qxe3 36. Rd1 e4 37. Ra8 Bc4 0-1

[Event "3. Campeonato de la Unión Europea"]
[Site "Arvier ITA"]
[Date "2007.06.22"]
[Round "8.8"]
[White "Foisor, Sabina Francesca"]
[Black "D'Amore, Carlo"]
[Result "0-1"]
[WhiteElo "2333"]
[BlackElo "2476"]
[PlyCount "114"]
[EventDate "2007.06.15"]
[EventType "swiss"]
[EventRounds "10"]
[EventCountry "ITA"]
[Source "lmi"]
[SourceDate "2007.06.15"]

1. d4 Nf6 2. c4 c5 3. d5 e6 4. Nc3 exd5 5. cxd5 d6 6. Nf3 g6 7. Nd2 Bg7 8. e4
O-O 9. Be2 Na6 10. O-O Ne8 11. f4 f5 12. Bf3 Nac7 13. a4 b6 14. Nb5 Nxb5 15.
axb5 Bd7 16. Be2 Nc7 17. Qb3 fxe4 18. Nxe4 Qe7 19. Ng3 h5 20. Ra4 h4 21. Ne4 a6
22. Qc2 Bf5 23. Bd3 Nxb5 24. Ng5 Nd4 25. Rxd4 Bxd4+ 26. Kh1 Rae8 27. Bxf5 Rxf5
28. Ne6 Qf7 29. Qe4 Rxd5 30. Qxd5 Qxe6 31. Qg5 h3 32. f5 Qxf5 33. Qxf5 gxf5 34.
gxh3 Kg7 35. h4 Re2 36. Bf4 Be5 37. Bxe5+ Rxe5 38. Ra1 a5 39. Rg1+ Kh6 40. Rg8
Re2 41. b3 Rb2 42. Rg3 d5 43. Rf3 c4 44. bxc4 dxc4 45. Kg1 b5 46. Kf1 b4 47.
Ke1 c3 48. Kd1 a4 49. Rxf5 a3 50. Rf6+ Kh5 51. Rf5+ Kxh4 52. Rf4+ Kg5 53. Rc4
a2 54. h4+ Kh5 55. Rc5+ Kg4 56. Rg5+ Kf4 57. Ra5 Rb1+ 0-1

[Event "3. Campeonato de la Unión Europea"]
[Site "Arvier ITA"]
[Date "2007.06.22"]
[Round "8.9"]
[White "Caruana, Fabiano"]
[Black "Piscopo, Pierluigi"]
[Result "1-0"]
[WhiteElo "2513"]
[BlackElo "2392"]
[PlyCount "55"]
[EventDate "2007.06.15"]
[EventType "swiss"]
[EventRounds "10"]
[EventCountry "ITA"]
[Source "lmi"]
[SourceDate "2007.06.15"]

1. e4 c5 2. Nf3 Nc6 3. Bb5 e6 4. Bxc6 bxc6 5. d3 Qc7 6. O-O Ne7 7. Ng5 f6 8.
Nh3 g6 9. f4 Bg7 10. Nc3 O-O 11. Kh1 d6 12. Ng1 Ba6 13. Nf3 c4 14. d4 c5 15.
dxc5 dxc5 16. Be3 Qc6 17. Qe2 Rab8 18. Qf2 Rfc8 19. Rab1 Kh8 20. Rfd1 Ng8 21.
e5 Rb6 22. Rd6 Qc7 23. Rbd1 Nh6 24. Rd7 Qb8 25. Bxc5 Rxb2 26. Bxa7 Qa8 27. exf6
Bxf6 28. Bd4 1-0

[Event "3. Campeonato de la Unión Europea"]
[Site "Arvier ITA"]
[Date "2007.06.22"]
[Round "8.11"]
[White "Okhotnik, Vladimir"]
[Black "Cocchi, Andrea"]
[Result "1-0"]
[WhiteElo "2484"]
[BlackElo "2321"]
[PlyCount "109"]
[EventDate "2007.06.15"]
[EventType "swiss"]
[EventRounds "10"]
[EventCountry "ITA"]
[Source "lmi"]
[SourceDate "2007.06.15"]

1. Nf3 Nf6 2. d4 b6 3. c4 e6 4. g3 Bb7 5. Bg2 Be7 6. Nc3 Ne4 7. Qc2 Nxc3 8.
Qxc3 O-O 9. O-O c5 10. Qd3 d5 11. dxc5 dxc4 12. Qxc4 Bxc5 13. b4 Be7 14. Bb2
Bd5 15. Qf4 Bf6 16. Bxf6 Qxf6 17. Qxf6 gxf6 18. Nd4 Bxg2 19. Kxg2 a5 20. b5 Nd7
21. Rfd1 Nc5 22. Nc6 Kg7 23. Rac1 Rfc8 24. Rc4 Rc7 25. Rg4+ Kh8 26. Rgd4 a4 27.
e3 Kg7 28. Kf3 Re8 29. Ke2 f5 30. f3 e5 31. Rc4 Re6 32. Rd5 Rh6 33. h4 Rg6 34.
Kf2 e4 35. Rxf5 Nd3+ 36. Ke2 Rxg3 37. Rxe4 Rd7 38. Rd4 Nc1+ 39. Kf2 Rxd4 40.
exd4 Rh3 41. d5 Rh2+ 42. Ke1 Nd3+ 43. Kf1 Rxa2 44. d6 Nc5 45. Rxc5 bxc5 46. Ke1
a3 47. d7 Rg2 48. d8=Q a2 49. Kf1 Rc2 50. Qg5+ Kf8 51. Qe7+ Kg8 52. Qe8+ Kg7
53. Qe5+ Kg8 54. Ne7+ Kf8 55. Nf5 1-0

[Event "3. Campeonato de la Unión Europea"]
[Site "Arvier ITA"]
[Date "2007.06.22"]
[Round "8.12"]
[White "Bruno, Fabio"]
[Black "Friedrich, Norbert"]
[Result "1-0"]
[WhiteElo "2428"]
[BlackElo "2317"]
[PlyCount "69"]
[EventDate "2007.06.15"]
[EventType "swiss"]
[EventRounds "10"]
[EventCountry "ITA"]
[Source "lmi"]
[SourceDate "2007.06.15"]

1. c4 Nf6 2. Nc3 c5 3. g3 d5 4. cxd5 Nxd5 5. Bg2 Nc7 6. d3 e5 7. Be3 Be7 8. Rc1
Ne6 9. Nd5 Bd6 10. Nf3 O-O 11. Nd2 Nd4 12. Ne4 Bg4 13. Bxd4 exd4 14. Nxc5 Bxc5
15. Rxc5 Re8 16. Rc2 Nc6 17. O-O Qd7 18. Nf4 a5 19. a3 Re5 20. h3 Bf5 21. Qc1
Ra6 22. g4 Be6 23. Nxe6 Qxe6 24. Qf4 h6 25. Be4 Rb6 26. Rfc1 g5 27. Qf3 Ne7 28.
Rc4 Rxb2 29. Rxd4 Reb5 30. Kg2 Kg7 31. Rc7 Re5 32. Rdd7 Qf6 33. d4 Re6 34. d5
Re5 35. d6 1-0

[Event "3. Campeonato de la Unión Europea"]
[Site "Arvier ITA"]
[Date "2007.06.22"]
[Round "8.14"]
[White "Foisor, Cristina Adela"]
[Black "Ocantos, Manuel"]
[Result "1-0"]
[WhiteElo "2384"]
[BlackElo "2178"]
[PlyCount "149"]
[EventDate "2007.06.15"]
[EventType "swiss"]
[EventRounds "10"]
[EventCountry "ITA"]
[Source "lmi"]
[SourceDate "2007.06.15"]

1. c4 Nf6 2. g3 e5 3. Bg2 Nc6 4. Nc3 Bc5 5. e3 O-O 6. a3 a5 7. Nge2 Re8 8. d3
d6 9. h3 Ne7 10. O-O Ng6 11. d4 Bb6 12. Kh2 c6 13. b3 e4 14. Nf4 d5 15. a4 Nxf4
16. gxf4 Bf5 17. Rg1 Re6 18. Bf1 h6 19. Ra2 Kh7 20. Ne2 Re8 21. Ng3 Bd7 22. f3
exf3 23. Qxf3 Rg8 24. cxd5 cxd5 25. Bd3+ g6 26. f5 g5 27. Nh5 Rc8 28. Ba3 Rc3
29. Rd2 Bc7+ 30. Kh1 Rxb3 31. Nxf6+ Qxf6 32. Be7 Qb6 33. Bc2 Rb2 34. f6+ Rxc2
35. Rxc2 Bb8 36. Qxd5 Bc6 37. Rxc6 Qxc6 38. Qxc6 bxc6 39. Rc1 g4 40. Rxc6 gxh3
41. Bd6 Bxd6 42. Rxd6 Rg3 43. e4 Ra3 44. e5 Kg6 45. Rd8 Rxa4 46. d5 Rd4 47. d6
Kf5 48. Re8 Kg6 49. Re7 a4 50. Kh2 Rd3 51. Ra7 a3 52. d7 a2 53. Rxa2 Rxd7 54.
Kxh3 Kf5 55. Re2 Rd5 56. e6 Rd8 57. e7 Re8 58. Rf2+ Kg5 59. Kg3 Rg8 60. Rf3 Rc8
61. Re3 Re8 62. Re6 Kg6 63. Rd6 Ra8 64. Rd8 Ra3+ 65. Kf2 Ra2+ 66. Ke3 Ra3+ 67.
Kd2 Ra2+ 68. Kc3 Ra3+ 69. Kb4 Re3 70. e8=Q Rxe8 71. Rxe8 Kxf6 72. Kc3 Kg5 73.
Kd3 h5 74. Ke2 f5 75. Kf3 1-0

[Event "3. Campeonato de la Unión Europea"]
[Site "Arvier ITA"]
[Date "2007.06.22"]
[Round "8.15"]
[White "Pantaleoni, Claudio"]
[Black "Rombaldoni, Denis"]
[Result "0-1"]
[WhiteElo "2219"]
[BlackElo "2368"]
[PlyCount "46"]
[EventDate "2007.06.15"]
[EventType "swiss"]
[EventRounds "10"]
[EventCountry "ITA"]
[Source "lmi"]
[SourceDate "2007.06.15"]

1. Nf3 Nf6 2. c4 e6 3. g3 d5 4. d4 dxc4 5. Bg2 Bb4+ 6. Bd2 a5 7. O-O Nc6 8. e3
Nd5 9. Qc2 Nb6 10. Na3 Bxa3 11. bxa3 Qe7 12. e4 e5 13. Bc3 Qxa3 14. dxe5 Nb4
15. Qd2 Be6 16. Rfd1 Nd3 17. Nd4 Na4 18. Nb5 Qc5 19. Rab1 Nxc3 20. Nxc3 Qxe5
21. Rxb7 O-O 22. Rb5 c5 23. Na4 Bd7 0-1

[Event "3. Campeonato de la Unión Europea"]
[Site "Arvier ITA"]
[Date "2007.06.22"]
[Round "8.16"]
[White "Majer, Chris E"]
[Black "Castaldo, Folco"]
[Result "0-1"]
[WhiteElo "2036"]
[BlackElo "2330"]
[PlyCount "68"]
[EventDate "2007.06.15"]
[EventType "swiss"]
[EventRounds "10"]
[EventCountry "ITA"]
[Source "lmi"]
[SourceDate "2007.06.15"]

1. e4 e6 2. d4 d5 3. e5 c5 4. c3 Qb6 5. Nf3 Nc6 6. Bd3 cxd4 7. cxd4 Bd7 8. O-O
Nxd4 9. Nxd4 Qxd4 10. Nc3 a6 11. Qe2 Rc8 12. Kh1 Qh4 13. f4 Nh6 14. f5 Nxf5 15.
Bxf5 exf5 16. Rf4 Qd8 17. Nxd5 Bc5 18. Be3 Be6 19. Bxc5 Rxc5 20. Ne3 Rxe5 21.
Rd1 Qb6 22. Rfd4 O-O 23. Qd2 Bxa2 24. Nc4 Bxc4 25. Rxc4 Qe3 26. Qxe3 Rxe3 27.
Rc7 Rb3 28. Rd2 g6 29. h4 Kg7 30. Kh2 Kh6 31. g3 Kh5 32. Kg2 h6 33. Rc5 Re8 34.
Rc7 Ree3 0-1

[Event "3. Campeonato de la Unión Europea"]
[Site "Arvier ITA"]
[Date "2007.06.22"]
[Round "8.17"]
[White "Llaneza Vega, Marcos"]
[Black "Turturici, Pellegrino"]
[Result "1-0"]
[WhiteElo "2455"]
[BlackElo "2010"]
[PlyCount "67"]
[EventDate "2007.06.15"]
[EventType "swiss"]
[EventRounds "10"]
[EventCountry "ITA"]
[Source "lmi"]
[SourceDate "2007.06.15"]

1. e4 c5 2. Nc3 Nc6 3. Nf3 d6 4. d4 cxd4 5. Nxd4 Nf6 6. Be3 e6 7. Be2 Be7 8.
O-O Bd7 9. f4 Nxd4 10. Bxd4 Bc6 11. Bd3 O-O 12. Kh1 a6 13. Qe1 b5 {=} 14. Qg3
g6 15. Rae1 b4 16. Nd1 Qa5 17. Qh4 Qd8 18. Qh6 Re8 19. f5 e5 20. Bc4 Bf8 21.
Qg5 Nxe4 22. Bxf7+ Kg7 23. Qg4 Nf6 24. Qh4 Kxf7 25. fxg6+ hxg6 26. Bb6 Qe7 27.
Qc4+ Kg7 28. Qxc6 Rac8 29. Qf3 Rxc2 30. Ne3 Rcc8 {=} 31. Qg3 Qd7 32. Qg5 Ne4
33. Qh4 Nf6 34. Qxf6+ 1-0

[Event "3. Campeonato de la Unión Europea"]
[Site "Arvier ITA"]
[Date "2007.06.22"]
[Round "8.18"]
[White "Agrest, Inna"]
[Black "Calzetta, Monica"]
[Result "0-1"]
[WhiteElo "2069"]
[BlackElo "2340"]
[PlyCount "56"]
[EventDate "2007.06.15"]
[EventType "swiss"]
[EventRounds "10"]
[EventCountry "ITA"]
[Source "lmi"]
[SourceDate "2007.06.15"]

1. e4 c5 2. c3 d5 3. exd5 Qxd5 4. d4 e6 5. Nf3 Nf6 6. Bd3 Nc6 7. a3 Be7 8. O-O
O-O 9. Re1 Rd8 10. Be3 b6 11. Bc2 cxd4 12. cxd4 Bb7 13. Nc3 Qh5 14. Ne2 Bd6 15.
h3 Ne7 16. Ng3 Bxg3 17. fxg3 Rac8 18. g4 Qb5 19. b4 Ned5 20. Bd3 Nxe3 21. Rxe3
Qd7 22. Kh1 Nd5 23. Re1 Nc3 24. Qb3 Bxf3 25. gxf3 Qxd4 26. Bf1 Qf2 27. Bg2 Rd2
28. Rg1 Rb2 0-1

[Event "3. Campeonato de la Unión Europea"]
[Site "Arvier ITA"]
[Date "2007.06.22"]
[Round "8.19"]
[White "Vezzosi, Paolo"]
[Black "Pace, Colin"]
[Result "1-0"]
[WhiteElo "2287"]
[BlackElo "2146"]
[PlyCount "63"]
[EventDate "2007.06.15"]
[EventType "swiss"]
[EventRounds "10"]
[EventCountry "ITA"]
[Source "lmi"]
[SourceDate "2007.06.15"]

1. d4 d5 2. Nf3 c6 3. e3 Bf5 4. c4 e6 5. Nc3 Nf6 6. Nh4 Bg4 7. Qb3 Nbd7 8. h3
Bh5 9. g4 Ne4 10. Nxe4 dxe4 11. Ng2 Bg6 12. Nf4 e5 13. Nxg6 hxg6 14. Bg2 f5 15.
Qxb7 Rb8 16. Qxc6 Bb4+ 17. Ke2 Rb6 18. Qd5 Rd6 19. Qb5 Rb6 20. Qd5 Rd6 21. Qb5
Rb6 22. Qa4 fxg4 23. c5 Rb8 24. a3 Ba5 25. hxg4 Rxh1 26. Bxh1 Bc7 27. Qc4 Kf8
28. Bxe4 Qh4 29. Qe6 Nf6 30. Bxg6 Qxg4+ 31. Qxg4 Nxg4 32. d5 1-0

[Event "3. Campeonato de la Unión Europea"]
[Site "Arvier ITA"]
[Date "2007.06.22"]
[Round "8.20"]
[White "Tocchioni, Doriano"]
[Black "Tate, Alan"]
[Result "1-0"]
[WhiteElo "2247"]
[BlackElo "2058"]
[PlyCount "87"]
[EventDate "2007.06.15"]
[EventType "swiss"]
[EventRounds "10"]
[EventCountry "ITA"]
[Source "lmi"]
[SourceDate "2007.06.15"]

1. d4 Nf6 2. Nf3 e6 3. Bg5 h6 4. Bxf6 Qxf6 5. e4 d6 6. c3 a6 7. Nbd2 Nd7 8. Be2
g5 9. h3 Bg7 10. Qc2 Qe7 11. Nc4 b5 12. Na5 Nb6 13. Nd2 Bd7 14. Bh5 Rc8 15. O-O
c5 16. d5 O-O 17. c4 Kh8 18. Rab1 Qd8 19. dxe6 fxe6 20. Nf3 Qe7 21. Rfe1 Rf4
22. Rbd1 Nxc4 23. Nxc4 bxc4 24. Qxc4 Bb5 25. Qc2 Bc6 26. b3 Rd8 27. Nh2 Rdf8
28. Bf3 Be8 29. Qd3 Bd4 30. Qxa6 Bg6 31. Qc4 h5 32. Rxd4 cxd4 33. Qxd4+ e5 34.
Qb6 g4 35. hxg4 hxg4 36. Nxg4 Bh5 37. Nh2 Rxf3 38. Nxf3 Bxf3 39. gxf3 Rxf3 40.
Re3 Rf8 41. Rh3+ Kg7 42. Qe3 Rf6 43. Rg3+ Kh7 44. Qg5 1-0

[Event "3. Campeonato de la Unión Europea"]
[Site "Arvier ITA"]
[Date "2007.06.22"]
[Round "8.21"]
[White "Makka, Ioulia"]
[Black "Borosova, Zuzana"]
[Result "1/2-1/2"]
[WhiteElo "2185"]
[BlackElo "2206"]
[PlyCount "80"]
[EventDate "2007.06.15"]
[EventType "swiss"]
[EventRounds "10"]
[EventCountry "ITA"]
[Source "lmi"]
[SourceDate "2007.06.15"]

1. e4 e5 2. Nf3 Nc6 3. Bb5 a6 4. Bxc6 dxc6 5. Nc3 f6 6. d4 exd4 7. Qxd4 Qxd4 8.
Nxd4 Bd7 9. Be3 O-O-O 10. O-O-O g6 11. h4 h5 12. Rd3 Nh6 13. Rhd1 Bd6 14. f3
Nf7 15. R3d2 Ne5 16. Re2 b6 17. Bf2 Rhe8 18. Kb1 Bb4 19. Be1 Bf8 20. a3 Bh6 21.
Bd2 Bg7 22. Bf4 c5 23. Nb3 c6 24. Na4 Kc7 25. Red2 c4 26. Nc1 b5 27. Nc5 Bc8
28. Ne2 Rxd2 29. Rxd2 Bf8 30. Be3 Nd7 31. Nxd7 Bxd7 32. Bf4+ Kc8 33. Bd6 Bh6
34. Rd1 Re6 35. Bc5 f5 36. Nc3 Bg7 37. Rd6 Bxc3 38. Rxe6 Bxe6 39. bxc3 fxe4 40.
fxe4 Kd7 1/2-1/2

[Event "3. Campeonato de la Unión Europea"]
[Site "Arvier ITA"]
[Date "2007.06.22"]
[Round "8.22"]
[White "Brunello, Marina"]
[Black "Maahs, Erich"]
[Result "1-0"]
[WhiteElo "1924"]
[BlackElo "2193"]
[PlyCount "171"]
[EventDate "2007.06.15"]
[EventType "swiss"]
[EventRounds "10"]
[EventCountry "ITA"]
[Source "lmi"]
[SourceDate "2007.06.15"]

1. e4 e5 2. Nf3 Nf6 3. Nxe5 d6 4. Nf3 Nxe4 5. Nc3 Nf6 6. d4 Be7 7. Bd3 Bg4 8.
Be3 Nc6 9. h3 Bh5 10. Be2 Nb4 11. a3 Nbd5 12. Nxd5 Nxd5 13. O-O Nxe3 14. fxe3
d5 15. Ne5 Bxe2 16. Qxe2 O-O 17. e4 c5 18. Nf3 cxd4 19. Nxd4 Bc5 20. Rad1 Qe7
21. b4 Bb6 22. e5 Rfe8 23. Rfe1 a5 24. Kh1 axb4 25. Nf5 Qe6 26. Nd6 Re7 27. Qb5
Bf2 28. Re2 Bg3 29. axb4 Bxe5 30. Nxb7 f6 31. Nc5 Qf7 32. Nb3 Rb8 33. Qa5 Ra7
34. Qc5 Rc7 35. Qa5 Rcb7 36. Qxd5 Rxb4 37. Red2 Qxd5 38. Rxd5 Kf7 39. Rd7+ Kg6
40. Nd4 Rc4 41. Ne6 f5 42. Re1 Re4 43. Rdd1 Rc8 44. Rxe4 fxe4 45. Rd5 Kf6 46.
Ng5 e3 47. Nf3 Bg3 48. Rg5 Bf4 49. Ra5 Rxc2 50. Ra6+ Ke7 51. Ra1 Bg3 52. Nd4
Rc5 53. Kg1 Be5 54. Rd1 Kf6 55. Nf3 Kf5 56. Kf1 Rc2 57. Rd5 Rf2+ 58. Ke1 Rxf3
59. gxf3 Ke6 60. Rb5 g5 61. Ke2 Bf4 62. Rb7 h5 63. Rh7 h4 64. Ra7 Kd5 65. Ra4
Ke5 66. Re4+ Kf6 67. Kd3 Kf5 68. Re7 Kf6 69. Re8 Kf5 70. Kd4 Kf6 71. Kd5 Kf7
72. Re6 Kg7 73. Ke4 Kg8 74. Kf5 Kf7 75. Re4 Kg7 76. Re7+ Kf8 77. Kf6 Kg8 78.
Kg6 Kf8 79. Re4 e2 80. Rxe2 Bc1 81. Re5 Bf4 82. Rxg5 Bd2 83. Re5 Bc3 84. Re4
Bd2 85. Rxh4 Ke7 86. Re4+ 1-0

[Event "3. Campeonato de la Unión Europea"]
[Site "Arvier ITA"]
[Date "2007.06.22"]
[Round "8.23"]
[White "Norinkeviciute, Rasa"]
[Black "Brancaleoni, Maurizio"]
[Result "0-1"]
[WhiteElo "2048"]
[BlackElo "2263"]
[PlyCount "126"]
[EventDate "2007.06.15"]
[EventType "swiss"]
[EventRounds "10"]
[EventCountry "ITA"]
[Source "lmi"]
[SourceDate "2007.06.15"]

1. c4 e5 2. g3 Nf6 3. Bg2 c6 4. d4 exd4 5. Qxd4 Na6 6. Nc3 Be7 7. e3 d5 8. cxd5
Nb4 9. Qd1 Nfxd5 10. Nxd5 Nxd5 11. Ne2 Nb4 12. O-O Bg4 13. f3 Be6 14. b3 Bf6
15. Nd4 c5 16. Nxe6 fxe6 17. Rb1 Qxd1 18. Rxd1 Nxa2 19. Bd2 Bc3 20. Bc1 b6 21.
f4 Rd8 22. Ba3 Ke7 23. Kf2 Bf6 24. Ke1 Nc3 25. Rxd8 Rxd8 26. Ra1 Nd5 27. Ra2
Nxe3 28. Be4 Bc3+ 29. Ke2 Nf5 30. Bc1 a5 31. Be3 h5 32. Kf3 Bd4 33. Bd2 Bf6 34.
Be3 Rd1 35. Ke2 Rd8 36. Bf3 g6 37. Be4 Kf7 38. Kf3 Ne7 39. h3 Nd5 40. Rc2 Nc3
41. Bb7 Bd4 42. Bd2 Nd5 43. Ba6 Ra8 44. Bb7 Ra7 45. Bc6 Nb4 46. Bxb4 axb4 47.
Ba4 Ra5 48. Bd7 Ra3 49. Ba4 b5 50. Bxb5 Rxb3+ 51. Kg2 Ra3 52. Bc4 Kf6 53. g4 h4
54. Re2 Rg3+ 55. Kh2 Bg1+ 56. Kh1 Be3 57. Kh2 Bxf4 58. Rxe6+ Kg5 59. Kh1 Rxh3+
60. Kg2 Rc3 61. Bb5 h3+ 62. Kg1 h2+ 63. Kg2 Rc1 0-1

[Event "3. Campeonato de la Unión Europea"]
[Site "Arvier ITA"]
[Date "2007.06.22"]
[Round "8.24"]
[White "Battistella, Stefano"]
[Black "Pepino, Enrico"]
[Result "1/2-1/2"]
[WhiteElo "2068"]
[BlackElo "2153"]
[PlyCount "79"]
[EventDate "2007.06.15"]
[EventType "swiss"]
[EventRounds "10"]
[EventCountry "ITA"]
[Source "lmi"]
[SourceDate "2007.06.15"]

1. d4 Nf6 2. c4 g6 3. g3 Bg7 4. Bg2 O-O 5. Nf3 d6 6. O-O c5 7. Nc3 Nc6 8. Qd3
Rb8 9. d5 Na5 10. e4 a6 11. Nd2 Bd7 12. a4 e5 13. Ra3 Ng4 14. h3 Nh6 15. Nf3
Nxc4 16. Qxc4 b5 17. Qe2 b4 18. Ra2 bxc3 19. bxc3 Qc8 20. Kh2 f5 21. Nd2 Nf7
22. f3 Re8 23. Nc4 Qc7 24. Bd2 Rb7 25. Rfa1 Bh6 26. Be1 Bg5 27. Rc2 Reb8 28.
Raa2 Qd8 29. Rcb2 f4 30. g4 Bh4 31. Bf2 Bxf2 32. Qxf2 Rxb2 33. Nxb2 Qb6 34. Nc4
Qb1 35. Rb2 Rxb2 36. Qxb2 Qe1 37. Qb8+ Kg7 38. Qc7 Qg3+ 39. Kh1 Qe1+ 40. Kh2
1/2-1/2

[Event "3. Campeonato de la Unión Europea"]
[Site "Arvier ITA"]
[Date "2007.06.22"]
[Round "8.26"]
[White "Campbell, Ian"]
[Black "Beggi, Pierluigi"]
[Result "1-0"]
[WhiteElo "1996"]
[BlackElo "2141"]
[PlyCount "31"]
[EventDate "2007.06.15"]
[EventType "swiss"]
[EventRounds "10"]
[EventCountry "ITA"]
[Source "lmi"]
[SourceDate "2007.06.15"]

1. d4 Nf6 2. Nf3 g6 3. e3 Bg7 4. b3 c5 5. Bb2 O-O 6. Nbd2 cxd4 7. exd4 d5 8.
Bd3 b6 9. Qe2 Bb7 10. O-O Nc6 11. a3 Nh5 12. g3 Nf6 13. Rfe1 Re8 14. Ne5 Nd7
15. Ndf3 Rc8 16. Nxf7 1-0

[Event "3. Campeonato de la Unión Europea"]
[Site "Arvier ITA"]
[Date "2007.06.22"]
[Round "8.27"]
[White "Diotallevi, Maurizio"]
[Black "Marozzi, Giovanni"]
[Result "1/2-1/2"]
[WhiteElo "2137"]
[BlackElo "2055"]
[PlyCount "45"]
[EventDate "2007.06.15"]
[EventType "swiss"]
[EventRounds "10"]
[EventCountry "ITA"]
[Source "lmi"]
[SourceDate "2007.06.15"]

1. d4 c6 2. c4 d5 3. Nc3 e5 4. cxd5 cxd5 5. dxe5 d4 6. Nb1 Qa5+ 7. Nd2 Nc6 8.
Ngf3 Bf5 9. Nh4 Be6 10. f4 Nh6 11. f5 Bd5 12. Qc2 Ng4 13. a3 Ne3 14. Qb1 Nxe5
15. Nhf3 Nxf3+ 16. exf3 Rc8 17. Bd3 Bb3 18. Ke2 Bc2 19. Bxc2 Rxc2 20. b4 Qb5+
21. Kf2 Qd3 22. Ra2 Be7 23. Rxc2 1/2-1/2

[Event "3. Campeonato de la Unión Europea"]
[Site "Arvier ITA"]
[Date "2007.06.22"]
[Round "8.28"]
[White "Chierici, Marianna"]
[Black "Brauer, Christian"]
[Result "0-1"]
[WhiteElo "1996"]
[BlackElo "2132"]
[PlyCount "74"]
[EventDate "2007.06.15"]
[EventType "swiss"]
[EventRounds "10"]
[EventCountry "ITA"]
[Source "lmi"]
[SourceDate "2007.06.15"]

1. e4 e6 2. d3 d5 3. Nd2 c5 4. g3 Nc6 5. Bg2 Nf6 6. Ngf3 Be7 7. O-O O-O 8. Re1
b5 9. e5 Nd7 10. h4 a5 11. Nf1 b4 12. N1h2 Ba6 13. g4 a4 14. g5 c4 15. d4 c3
16. Ng4 cxb2 17. Bxb2 Na5 18. Nd2 a3 19. Bc1 Rc8 20. Re3 Qc7 21. Nb3 Nxb3 22.
cxb3 Kh8 23. Rh3 Qc2 24. Bf4 Qxd1+ 25. Rxd1 Be2 26. Bf3 Bxd1 27. Bxd1 Rc6 28.
Rd3 Rfc8 29. Bd2 Rc2 30. Bxc2 Rxc2 31. Rf3 Kg8 32. Nf6+ gxf6 33. gxf6 Bf8 34.
Rg3+ Kh8 35. Bxb4 Bxb4 36. Rg7 Bf8 37. Rxf7 Rc7 0-1

[Event "3. Campeonato de la Unión Europea"]
[Site "Arvier ITA"]
[Date "2007.06.22"]
[Round "8.29"]
[White "Pipitone, Antonio"]
[Black "Sorcinelli, Francesco"]
[Result "1/2-1/2"]
[WhiteElo "1994"]
[BlackElo "2131"]
[PlyCount "95"]
[EventDate "2007.06.15"]
[EventType "swiss"]
[EventRounds "10"]
[EventCountry "ITA"]
[Source "lmi"]
[SourceDate "2007.06.15"]

1. e4 c5 2. Nf3 d6 3. d4 cxd4 4. Nxd4 Nf6 5. Nc3 g6 6. Be3 Bg7 7. Be2 O-O 8.
O-O Nc6 9. f4 Qb6 10. Qd2 Nxe4 11. Nxc6 Qxc6 12. Nxe4 Qxe4 13. Bf3 Qc4 14. c3
Qc7 15. Rad1 Be6 16. Rfe1 a6 17. a3 Rab8 18. Qf2 b5 19. Ba7 Rbc8 20. Bb6 Qd7
21. h3 Bb3 22. Rd2 Bh6 23. g3 Rfe8 24. Bg4 f5 25. Bf3 Rb8 26. Ba7 Rbc8 27. Bb6
e6 28. Qd4 d5 29. Qf6 Bg7 30. Qg5 a5 31. Bd4 Bxd4+ 32. Rxd4 Kg7 33. g4 h6 34.
Qh4 Qd6 35. Re5 Qc5 36. Qe1 b4 37. axb4 axb4 38. Rxe6 bxc3 39. bxc3 Rxe6 40.
Qxe6 fxg4 41. Bxg4 Rc7 42. Qe5+ Kh7 43. f5 Re7 44. fxg6+ Kxg6 45. Qb8 Bc2 46.
Qg8+ Rg7 47. Qxd5 Qxc3 48. Kh2 1/2-1/2

[Event "3. Campeonato de la Unión Europea"]
[Site "Arvier ITA"]
[Date "2007.06.22"]
[Round "8.30"]
[White "Colombrini, Adolfo"]
[Black "Raineri, Valerio"]
[Result "0-1"]
[WhiteElo "1972"]
[BlackElo "2123"]
[PlyCount "68"]
[EventDate "2007.06.15"]
[EventType "swiss"]
[EventRounds "10"]
[EventCountry "ITA"]
[Source "lmi"]
[SourceDate "2007.06.15"]

1. e4 e5 2. Nf3 Nc6 3. d4 exd4 4. Bc4 Bc5 5. O-O Nf6 6. e5 d5 7. exf6 dxc4 8.
fxg7 Rg8 9. Bg5 Be7 10. Re1 Be6 11. Bxe7 Qxe7 12. Nbd2 O-O-O 13. Nxc4 Rxg7 14.
Nce5 Qd6 15. Qe2 Bd5 16. g3 Re8 17. Nc4 Rxe2 18. Nxd6+ cxd6 19. Rxe2 Bxf3 20.
Re8+ Kd7 21. Ree1 Rg5 22. a3 Rc5 23. Rac1 Ne5 24. h3 h5 25. Kf1 Nc4 26. b4 Nd2+
27. Kg1 Rc3 28. b5 Rxa3 29. Ra1 Rc3 30. Rxa7 Rxc2 31. g4 h4 32. Ra8 Nc4 33.
Rae8 Ne5 34. Rh8 d3 0-1

[Event "3. Campeonato de la Unión Europea"]
[Site "Arvier ITA"]
[Date "2007.06.22"]
[Round "8.31"]
[White "Astengo, Corrado"]
[Black "Foisor, Mihaela Veronica"]
[Result "1-0"]
[WhiteElo "2110"]
[BlackElo "1980"]
[PlyCount "89"]
[EventDate "2007.06.15"]
[EventType "swiss"]
[EventRounds "10"]
[EventCountry "ITA"]
[Source "lmi"]
[SourceDate "2007.06.15"]

1. e4 e6 2. d3 d5 3. Nd2 c5 4. g3 Bd6 5. Qg4 g6 6. Bg2 e5 7. Qe2 d4 8. Nc4 Bc7
9. f4 b5 10. Nxe5 Bxe5 11. fxe5 Nc6 12. Nf3 Bg4 13. h3 Bxf3 14. Qxf3 Nxe5 15.
Qf2 Qf6 16. O-O Qxf2+ 17. Rxf2 f6 18. Bd2 h5 19. Raf1 Rh7 20. Bg5 Rf7 21. Bxf6
Nxf6 22. Rxf6 Rxf6 23. Rxf6 Ke7 24. Ra6 c4 25. Bf1 Kf7 26. Be2 Ke7 27. a4 cxd3
28. Bxd3 bxa4 29. Rxa4 Kf6 30. Kf2 Nxd3+ 31. cxd3 Rb8 32. Rxd4 Rxb2+ 33. Ke3
Ra2 34. Rd6+ Kf7 35. Kf4 a5 36. d4 a4 37. Ra6 a3 38. Ke5 g5 39. d5 Ra1 40. Ra7+
Kf8 41. Ke6 Re1 42. e5 Re3 43. d6 Rb3 44. Ra8+ Kg7 45. d7 1-0